Super Mario Maker 2 Game Themes - Statistics

General Stats
  • This quiz has been taken 208 times
  • The average score is 5 of 5
Answer Stats
Year original game released Theme % Correct
1985 Super Mario Bros.
100%
1988 Super Mario Bros. 3
93%
1991 Super Mario World
93%
2013 Super Mario 3D World
86%
2012 New Super Mario Bros. U
82%
No matching quizzes found
Score Distribution
Percent of People with Each Score
Percentile by Number Answered
Your Score History
You have not taken this quiz